000 nam a22 7a 4500
999 _c56102
_d56102
003 OSt
005 20221129112810.0
008 221129b xxu||||| |||| 00| 0 eng d
040 _cIIMT COLLEGE OF POLYTECHNIC
100 _aKOTHARI, D.P.
245 _aELECTRIC MACHINES
260 _aCHENNAI
_bMc Graw Hill
_c2022
300 _a975
942 _2ddc
_c02